000 00303 a2200133 4500
000 nam a22 7a 4500
100 _aRaman ,Saini
110 _aRaman ,Saini
245 _aYoga- Body, Mind and Soul
250 _alatest edition
260 _bOxford
_c2025
264 _bOxford
_c2025
942 _cBK
999 _c396241
_d396241